| 000 | 00896cam a22002531 4500 | ||
|---|---|---|---|
| 001 | gs 17000230 | ||
| 003 | DLC | ||
| 005 | 20260227111321.0 | ||
| 008 | 761215s1917 oncaf f000 0 eng c | ||
| 010 | _ags 17000230 | ||
| 035 | _a(OCoLC)2625261 | ||
| 040 |
_aLibrary, U. S. Geological Survey _cViU _dViU _dDLC |
||
| 042 | _apremarc | ||
| 050 | 0 | 0 |
_aQH1 _b.C13 no. 25 |
| 100 | 1 |
_aKindle, E. M. _q(Edward Martin), _d1869-1940. |
|
| 245 | 1 | 0 |
_aRecent and fossil ripple-mark, _cby E. M. Kindle. |
| 260 |
_aOttawa, _bGovernment Printing Bureau, _c1917. |
||
| 300 |
_aiii, 56 p. _b33 plates, diagrs. (part fold.) _c25 cm. |
||
| 490 | 1 |
_aCanada. Geological survey. Museum bulletin _vno. 25. Geological series, no. 34 |
|
| 500 | _aCover title. | ||
| 500 | _aAt head of title: Canada. Department of Mines. | ||
| 650 | 0 | _aRipple-marks. | |
| 810 | 2 |
_aNational Museum of Canada. _tBulletin ; _vno. 25. |
|
| 999 |
_c25757 _d25757 |
||